| 000 | 00759nam a2200217 i 4500 | ||
|---|---|---|---|
| 001 | 37653 | ||
| 003 | ES-MaACL | ||
| 005 | 20250807235617.0 | ||
| 007 | t| | ||
| 008 | 030221s1958 sp ||||1| spa d | ||
| 100 | 1 |
_aBuytendijk, Frederik Jacobus Johannes. _9171920 |
|
| 245 | 1 | 3 |
_aEl dolor _b: fenomenología, psicología, metafísica / _cF.J.J. Buytendijk ; traducción del alemán por Fernando Vela. |
| 260 |
_aMadrid : _bRevista de Occidente, _c[1958] ( _fClavileño) |
||
| 300 |
_a255 p. ; _c18 cm. |
||
| 490 | 1 | _aBiblioteca conocimiento del hombre | |
| 650 | 0 | 7 |
_aDolor _2embne _911964 |
| 700 | 1 |
_aVela, Fernando. _9113674 |
|
| 830 | 1 | 0 |
_aBiblioteca conocimiento del hombre _9181719 |
| 852 |
_aES-MaACL _jC-16179 |
||
| 999 |
_c37653 _d37653 |
||